[Event "DVM U20w 2023"]
[Site "Magdeburg GER"]
[Date "2023.12.28"]
[Round "4"]
[White "Klahold, Rona"]
[Black "Adelhardt, Lisa"]
[Result "1-0"]
[Termination "normal"]
[Board "6.1"]
[WhiteElo "1603"]
[BlackElo "1701"]
[WhiteClock "00:24:53"]
[BlackClock "00:00:32"]
[WhiteTeam "SC Porta Westfalica 1950"]
[BlackTeam "SC Garching 1980"]
[PlyCount "63"]
[WhiteFideId "16222970"]
[BlackFideId "16235380"]
[EventCountry "GER"]
[EventRounds "7"]
[EventType "team-swiss"]
[EventDate "2023.12.26"]

1. d4 {[%clk 01:30:57]} Nf6 {[%clk 01:30:30]} {[%emt 00:00:30]} 2. Nf3 {[%clk
01:31:02]} {[%emt 00:00:24]} e6 {[%clk 01:29:36]} {[%emt 00:01:23]} 3. e3
{[%clk 01:30:16]} {[%emt 00:01:15]} c5 {[%clk 01:27:25]} {[%emt 00:02:42]} 4.
Bd3 {[%clk 01:28:11]} {[%emt 00:02:35]} Nc6 {[%clk 01:27:22]} {[%emt 00:00:33]}
5. O-O {[%clk 01:27:11]} {[%emt 00:01:30]} d5 {[%clk 01:26:00]} {[%emt
00:01:52]} 6. b3 {[%clk 01:26:49]} {[%emt 00:00:53]} cxd4 {[%clk 01:23:08]}
{[%emt 00:03:21]} 7. exd4 {[%clk 01:26:11]} {[%emt 00:01:08]} Bd6 {[%clk
01:20:22]} {[%emt 00:03:16]} 8. Bb2 {[%clk 01:25:12]} {[%emt 00:01:30]} O-O
{[%clk 01:16:43]} {[%emt 00:04:09]} 9. Ne5 {[%clk 01:23:39]} {[%emt 00:02:02]}
Qc7 {[%clk 01:09:12]} {[%emt 00:08:02]} 10. f4 {[%clk 01:18:39]} {[%emt
00:05:29]} Nb4 {[%clk 01:01:24]} {[%emt 00:08:18]} 11. Rf3 {[%clk 01:13:10]}
{[%emt 00:05:59]} Nxd3 {[%clk 01:00:01]} {[%emt 00:01:54]} 12. Qxd3 {[%clk
01:12:24]} {[%emt 00:01:15]} Ne4 {[%clk 00:54:08]} {[%emt 00:06:23]} 13. Nc3
{[%clk 01:06:25]} {[%emt 00:06:30]} f6 {[%clk 00:47:01]} {[%emt 00:07:38]} 14.
Nb5 {[%clk 01:05:06]} {[%emt 00:01:48]} Qb6 {[%clk 00:41:19]} {[%emt 00:06:12]}
15. Nxd6 {[%clk 01:04:04]} {[%emt 00:01:32]} Nxd6 {[%clk 00:35:55]} {[%emt
00:05:54]} 16. Rh3 {[%clk 00:58:15]} {[%emt 00:06:20]} Ne4 {[%clk 00:24:07]}
{[%emt 00:12:18]} 17. Nf3 {[%clk 00:47:39]} {[%emt 00:11:06]} e5 {[%clk
00:18:54]} {[%emt 00:05:44]} 18. Rh5 {[%clk 00:45:48]} {[%emt 00:02:20]} g6
{[%clk 00:17:01]} {[%emt 00:02:23]} 19. Rh4 {[%clk 00:45:18]} {[%emt 00:01:00]}
exf4 {[%clk 00:08:07]} {[%emt 00:09:25]} 20. Rxf4 {[%clk 00:40:30]} {[%emt
00:05:18]} g5 {[%clk 00:06:35]} {[%emt 00:02:01]} 21. Rxe4 {[%clk 00:40:41]}
{[%emt 00:00:19]} Bf5 {[%clk 00:04:28]} {[%emt 00:02:37]} 22. Nd2 {[%clk
00:33:24]} {[%emt 00:07:48]} dxe4 {[%clk 00:03:46]} {[%emt 00:01:13]} 23. Qe3
{[%clk 00:31:22]} {[%emt 00:02:31]} h6 {[%clk 00:01:24]} {[%emt 00:02:52]} 24.
Rf1 {[%clk 00:30:29]} {[%emt 00:01:22]} Bg6 {[%clk 00:01:11]} {[%emt 00:00:42]}
25. Nc4 {[%clk 00:30:18]} {[%emt 00:00:42]} Qc7 {[%clk 00:00:57]} {[%emt
00:00:45]} 26. d5 {[%clk 00:28:04]} {[%emt 00:02:45]} Qd7 {[%clk 00:00:35]}
{[%emt 00:00:50]} 27. Qd4 {[%clk 00:27:27]} {[%emt 00:01:07]} b5 {[%clk
00:00:32]} {[%emt 00:00:34]} 28. Rxf6 {[%clk 00:25:45]} {[%emt 00:02:12]} Rxf6
{[%clk 00:00:34]} {[%emt 00:00:28]} 29. Qxf6 {[%clk 00:26:14]} {[%emt
00:00:01]} Re8 {[%clk 00:00:32]} {[%emt 00:00:31]} 30. Qxg6+ {[%clk 00:25:55]}
{[%emt 00:00:49]} Kf8 {[%clk 00:00:52]} {[%emt 00:00:11]} 31. Qxh6+ {[%clk
00:24:34]} {[%emt 00:01:50]} Kg8 {[%clk 00:00:32]} {[%emt 00:00:50]} 32. Qh8+
{[%clk 00:24:53]} {[%emt 00:00:11]} 1-0

[Event "DVM U20w 2023"]
[Site "Magdeburg GER"]
[Date "2023.12.28"]
[Round "4"]
[White "Alferova, Emily"]
[Black "Duchstein, Anna"]
[Result "1-0"]
[Termination "normal"]
[Board "6.2"]
[WhiteElo "1589"]
[BlackElo "1536"]
[WhiteClock "00:23:27"]
[BlackClock "01:06:07"]
[WhiteTeam "SC Garching 1980"]
[BlackTeam "SC Porta Westfalica 1950"]
[PlyCount "119"]
[WhiteFideId "16265904"]
[BlackFideId "16261372"]
[EventCountry "GER"]
[EventRounds "7"]
[EventType "team-swiss"]
[EventDate "2023.12.26"]

1. d4 {[%clk 01:30:57]} {[%emt 00:00:03]} d5 {[%clk 01:30:55]} {[%emt
00:00:05]} 2. Nf3 {[%clk 01:31:22]} {[%emt 00:00:05]} Nf6 {[%clk 01:31:16]}
{[%emt 00:00:09]} 3. e3 {[%clk 01:31:46]} {[%emt 00:00:07]} e6 {[%clk
01:31:26]} {[%emt 00:00:20]} 4. Bd3 {[%clk 01:32:09]} {[%emt 00:00:07]} c5
{[%clk 01:31:38]} {[%emt 00:00:17]} 5. c3 {[%clk 01:32:29]} {[%emt 00:00:10]}
Nc6 {[%clk 01:31:20]} {[%emt 00:00:49]} 6. Nbd2 {[%clk 01:32:30]} {[%emt
00:00:27]} Bd6 {[%clk 01:30:35]} {[%emt 00:01:15]} 7. O-O {[%clk 01:31:24]}
{[%emt 00:01:37]} O-O {[%clk 01:30:36]} {[%emt 00:00:30]} 8. Qe2 {[%clk
01:25:42]} {[%emt 00:06:12]} Re8 {[%clk 01:28:02]} {[%emt 00:03:03]} 9. dxc5
{[%clk 01:21:40]} {[%emt 00:04:32]} Bxc5 {[%clk 01:27:53]} {[%emt 00:00:39]}
10. e4 {[%clk 01:21:03]} {[%emt 00:01:05]} e5 {[%clk 01:26:03]} {[%emt
00:02:22]} 11. exd5 {[%clk 01:08:29]} {[%emt 00:13:04]} Qxd5 {[%clk 01:25:32]}
{[%emt 00:01:00]} 12. Bc4 {[%clk 01:03:45]} {[%emt 00:05:14]} Qd6 {[%clk
01:22:01]} {[%emt 00:04:00]} 13. Ng5 {[%clk 00:52:57]} {[%emt 00:11:21]} Rf8
{[%clk 01:18:25]} {[%emt 00:04:05]} 14. Nde4 {[%clk 00:51:14]} {[%emt
00:02:13]} Qe7 {[%clk 01:16:37]} {[%emt 00:02:14]} 15. Nxf6+ {[%clk 00:50:46]}
{[%emt 00:01:01]} Qxf6 {[%clk 01:16:55]} {[%emt 00:00:12]} 16. Ne4 {[%clk
00:50:38]} {[%emt 00:00:39]} Bxf2+ {[%clk 01:02:18]} {[%emt 00:15:07]} 17. Rxf2
{[%clk 00:49:10]} {[%emt 00:01:58]} Qg6 {[%clk 00:58:03]} {[%emt 00:04:45]} 18.
Ng3 {[%clk 00:45:48]} {[%emt 00:03:51]} Bg4 {[%clk 00:55:05]} {[%emt 00:03:29]}
19. Qe4 {[%clk 00:37:48]} {[%emt 00:08:30]} Bh5 {[%clk 00:51:53]} {[%emt
00:03:42]} 20. Qxg6 {[%clk 00:30:30]} {[%emt 00:07:49]} Bxg6 {[%clk 00:52:13]}
{[%emt 00:00:10]} 21. Bb3 {[%clk 00:23:22]} {[%emt 00:07:38]} Kh8 {[%clk
00:51:16]} {[%emt 00:01:26]} 22. Bc2 {[%clk 00:16:59]} {[%emt 00:06:52]} Bxc2
{[%emt 00:00:33]} 23. Rxc2 {[%clk 00:17:23]} {[%emt 00:00:01]} f5 {[%clk
00:50:45]} {[%emt 00:01:03]} 24. b3 {[%clk 00:12:42]} {[%emt 00:05:11]} Rae8
{[%clk 00:49:04]} {[%emt 00:02:12]} 25. Ba3 {[%clk 00:12:11]} {[%emt 00:01:01]}
Rf7 {[%clk 00:49:01]} {[%emt 00:00:32]} 26. Rf1 {[%clk 00:09:54]} {[%emt
00:02:46]} g6 {[%clk 00:48:28]} {[%emt 00:01:04]} 27. Ne4 {[%clk 00:04:54]}
{[%emt 00:05:30]} Rd8 {[%clk 00:46:26]} {[%emt 00:02:32]} 28. Nd6 {[%clk
00:04:03]} {[%emt 00:01:21]} Rfd7 {[%clk 00:45:24]} {[%emt 00:01:33]} 29. Rd2
{[%clk 00:02:38]} {[%emt 00:01:54]} Kg8 {[%clk 00:42:17]} {[%emt 00:03:37]} 30.
Rfd1 {[%clk 00:02:14]} {[%emt 00:00:54]} f4 {[%clk 00:40:52]} {[%emt 00:01:54]}
31. Ne4 {[%clk 00:02:22]} {[%emt 00:00:23]} Rxd2 {[%clk 00:41:04]} {[%emt
00:00:19]} 32. Rxd2 {[%clk 00:02:47]} {[%emt 00:00:04]} Rxd2 {[%clk 00:40:54]}
{[%emt 00:00:41]} 33. Nxd2 {[%clk 00:03:12]} {[%emt 00:00:05]} Kf7 {[%clk
00:41:04]} {[%emt 00:00:20]} 34. Ne4 {[%clk 00:02:46]} {[%emt 00:00:56]} b6
{[%clk 00:40:47]} {[%emt 00:00:47]} 35. Kf2 {[%clk 00:01:26]} {[%emt 00:01:51]}
h6 {[%clk 00:40:09]} {[%emt 00:01:08]} 36. Kf3 {[%clk 00:01:02]} {[%emt
00:00:53]} Ke6 {[%clk 00:39:54]} {[%emt 00:00:44]} 37. g3 {[%clk 00:00:47]}
{[%emt 00:00:46]} fxg3 {[%clk 00:39:57]} {[%emt 00:00:27]} 38. hxg3 {[%clk
00:01:04]} {[%emt 00:00:13]} Nd8 {[%clk 00:38:42]} {[%emt 00:01:45]} 39. Nd6
{[%clk 00:00:55]} {[%emt 00:00:39]} Nc6 {[%clk 00:38:44]} {[%emt 00:00:28]} 40.
Ke4 {[%clk 00:00:43]} {[%emt 00:00:43]} h5 {[%clk 00:38:45]} {[%emt 00:00:28]}
41. Nc4 {[%clk 00:29:12]} {[%emt 00:02:00]} b5 {[%clk 01:08:09]} {[%emt
00:01:07]} 42. Nd2 {[%clk 00:27:25]} {[%emt 00:02:17]} g5 {[%clk 01:07:38]}
{[%emt 00:01:01]} 43. Nf3 {[%clk 00:23:55]} {[%emt 00:03:59]} g4 {[%clk
01:06:17]} {[%emt 00:01:53]} 44. Ne1 {[%clk 00:24:13]} {[%emt 00:00:12]} Nb8
{[%clk 01:05:55]} {[%emt 00:00:52]} 45. Nd3 {[%clk 00:23:38]} {[%emt 00:01:05]}
Nd7 {[%clk 01:05:21]} {[%emt 00:01:04]} 46. Nc5+ {[%clk 00:23:46]} {[%emt
00:00:22]} Nxc5+ {[%clk 01:05:45]} {[%emt 00:00:06]} 47. Bxc5 {[%clk 00:24:11]}
{[%emt 00:00:05]} a6 {[%clk 01:06:03]} {[%emt 00:00:11]} 48. a3 {[%clk
00:20:53]} {[%emt 00:03:49]} Kf6 {[%clk 01:05:39]} {[%emt 00:00:53]} 49. Bd6
{[%clk 00:21:01]} {[%emt 00:00:23]} h4 {[%clk 01:05:18]} {[%emt 00:00:52]} 50.
gxh4 {[%clk 00:21:05]} {[%emt 00:00:25]} Kg6 {[%clk 01:05:35]} {[%emt
00:00:13]} 51. Bxe5 {[%clk 00:21:24]} {[%emt 00:00:11]} Kh5 {[%clk 01:05:51]}
{[%emt 00:00:13]} 52. Bg3 {[%clk 00:21:48]} {[%emt 00:00:06]} a5 {[%clk
01:06:07]} {[%emt 00:00:14]} 53. a4 {[%clk 00:21:17]} {[%emt 00:01:02]} bxa4
{[%clk 01:06:03]} {[%emt 00:00:34]} 54. bxa4 {[%clk 00:21:43]} {[%emt
00:00:04]} Kg6 {[%clk 01:06:19]} {[%emt 00:00:14]} 55. c4 {[%clk 00:21:42]}
{[%emt 00:00:32]} Kf6 {[%clk 01:04:42]} {[%emt 00:02:08]} 56. c5 {[%clk
00:22:04]} {[%emt 00:00:07]} Ke6 {[%clk 01:05:06]} {[%emt 00:00:06]} 57. c6
{[%clk 00:22:26]} {[%emt 00:00:07]} Ke7 {[%clk 01:05:25]} {[%emt 00:00:12]} 58.
c7 {[%clk 00:22:39]} {[%emt 00:00:17]} Kd7 {[%clk 01:05:51]} {[%emt 00:00:04]}
59. h5 {[%clk 00:23:03]} {[%emt 00:00:06]} Kc8 {[%clk 01:06:07]} {[%emt
00:00:14]} 60. h6 {[%clk 00:23:27]} {[%emt 00:00:06]} 1-0

[Event "DVM U20w 2023"]
[Site "Magdeburg GER"]
[Date "2023.12.28"]
[Round "4"]
[White "Schmidt, Inga"]
[Black "Frowein, Jamie"]
[Result "0-1"]
[Termination "normal"]
[Board "6.3"]
[WhiteElo "1367"]
[BlackElo "1430"]
[WhiteClock "00:01:59"]
[BlackClock "00:32:14"]
[WhiteTeam "SC Porta Westfalica 1950"]
[BlackTeam "SC Garching 1980"]
[PlyCount "148"]
[WhiteFideId "16284526"]
[BlackFideId "16282949"]
[EventCountry "GER"]
[EventRounds "7"]
[EventType "team-swiss"]
[EventDate "2023.12.26"]

1. e4 {[%clk 01:30:58]} {[%emt 00:00:03]} c5 {[%clk 01:30:53]} {[%emt
00:00:06]} 2. c3 {[%clk 01:30:38]} {[%emt 00:00:51]} d6 {[%clk 01:31:04]}
{[%emt 00:00:19]} 3. d4 {[%clk 01:30:44]} {[%emt 00:00:23]} cxd4 {[%clk
01:31:16]} {[%emt 00:00:18]} 4. cxd4 {[%clk 01:31:11]} {[%emt 00:00:04]} Nf6
{[%clk 01:30:57]} {[%emt 00:00:48]} 5. Nc3 {[%clk 01:30:18]} {[%emt 00:01:24]}
Nc6 {[%clk 01:30:15]} {[%emt 00:01:11]} 6. Nf3 {[%clk 01:29:18]} {[%emt
00:01:30]} g6 {[%clk 01:29:01]} {[%emt 00:01:44]} 7. Be3 {[%clk 01:09:55]}
{[%emt 00:19:52]} Bg7 {[%clk 01:29:00]} {[%emt 00:00:32]} 8. Qd2 {[%clk
00:59:30]} {[%emt 00:10:55]} Ng4 {[%clk 01:27:21]} {[%emt 00:02:08]} 9. Bf4
{[%clk 00:50:46]} {[%emt 00:09:15]} O-O {[%clk 01:22:42]} {[%emt 00:05:09]} 10.
h3 {[%clk 00:48:42]} {[%emt 00:02:35]} Nf6 {[%clk 01:22:27]} {[%emt 00:00:44]}
11. g4 {[%clk 00:41:07]} {[%emt 00:08:04]} a6 {[%clk 00:58:58]} {[%emt
00:24:00]} 12. a3 {[%clk 00:36:12]} {[%emt 00:05:26]} Qa5 {[%clk 00:46:41]}
{[%emt 00:12:46]} 13. Ra2 {[%clk 00:29:17]} {[%emt 00:07:25]} e5 {[%clk
00:42:49]} {[%emt 00:04:21]} 14. dxe5 {[%clk 00:21:02]} {[%emt 00:08:45]} dxe5
{[%clk 00:42:54]} {[%emt 00:00:25]} 15. b4 {[%clk 00:19:03]} {[%emt 00:02:29]}
Qc7 {[%clk 00:41:53]} {[%emt 00:01:31]} 16. Bg5 {[%clk 00:17:55]} {[%emt
00:01:38]} Rd8 {[%clk 00:40:10]} {[%emt 00:02:14]} 17. Nd5 {[%clk 00:17:48]}
{[%emt 00:00:36]} Qd6 {[%clk 00:36:01]} {[%emt 00:04:39]} 18. Nxf6+ {[%clk
00:14:56]} {[%emt 00:03:22]} Bxf6 {[%clk 00:36:19]} {[%emt 00:00:11]} 19. Qxd6
{[%clk 00:15:23]} {[%emt 00:00:04]} Rxd6 {[%clk 00:36:37]} {[%emt 00:00:13]}
20. Bxf6 {[%clk 00:14:36]} {[%emt 00:01:16]} Rxf6 {[%clk 00:36:54]} {[%emt
00:00:14]} 21. Ke2 {[%clk 00:12:53]} {[%emt 00:02:13]} Rd6 {[%clk 00:30:46]}
{[%emt 00:06:38]} 22. Rd2 {[%clk 00:12:16]} {[%emt 00:01:06]} Rxd2+ {[%clk
00:30:22]} {[%emt 00:00:55]} 23. Kxd2 {[%clk 00:12:44]} {[%emt 00:00:01]} Be6
{[%clk 00:30:18]} {[%emt 00:00:35]} 24. Kc3 {[%clk 00:09:40]} {[%emt 00:03:34]}
Rc8 {[%clk 00:27:51]} {[%emt 00:02:57]} 25. Kb2 {[%clk 00:07:05]} {[%emt
00:03:04]} Rd8 {[%clk 00:27:12]} {[%emt 00:01:10]} 26. Kc3 {[%clk 00:05:16]}
{[%emt 00:02:17]} Rc8 {[%clk 00:25:43]} {[%emt 00:02:00]} 27. Kb2 {[%clk
00:05:40]} {[%emt 00:00:06]} Nd4 {[%clk 00:23:55]} {[%emt 00:02:17]} 28. Nxd4
{[%emt 00:00:46]} exd4 {[%clk 00:24:19]} {[%emt 00:00:05]} 29. Bd3 {[%clk
00:05:21]} {[%emt 00:00:34]} Rc3 {[%clk 00:23:54]} {[%emt 00:00:55]} 30. Bc2
{[%clk 00:03:22]} {[%emt 00:02:28]} Kg7 {[%clk 00:20:59]} {[%emt 00:03:27]} 31.
f4 {[%clk 00:02:35]} {[%emt 00:01:16]} Rf3 {[%clk 00:14:37]} {[%emt 00:06:53]}
32. f5 {[%clk 00:02:19]} {[%emt 00:00:48]} Bc4 {[%clk 00:14:35]} {[%emt
00:00:31]} 33. Rd1 {[%clk 00:02:06]} {[%emt 00:00:42]} d3 {[%clk 00:13:36]}
{[%emt 00:01:29]} 34. Bb3 {[%clk 00:01:00]} {[%emt 00:01:36]} Bxb3 {[%clk
00:12:25]} {[%emt 00:01:40]} 35. Kxb3 {[%clk 00:01:29]} {[%emt 00:00:02]} Rxh3
{[%clk 00:12:39]} {[%emt 00:00:15]} 36. Kc3 {[%clk 00:01:28]} {[%emt 00:00:27]}
d2+ {[%clk 00:12:20]} {[%emt 00:00:54]} 37. Kb2 {[%clk 00:01:08]} {[%emt
00:00:50]} Rd3 {[%clk 00:11:28]} {[%emt 00:01:21]} 38. a4 {[%clk 00:01:13]}
{[%emt 00:00:25]} Rd4 {[%clk 00:11:13]} {[%emt 00:00:47]} 39. Kc3 {[%clk
00:01:41]} {[%emt 00:00:01]} Rxe4 {[%clk 00:11:24]} {[%emt 00:00:20]} 40. Rxd2
{[%clk 00:01:34]} {[%emt 00:00:36]} Rxg4 {[%clk 00:11:40]} {[%emt 00:00:15]}
41. fxg6 {[%clk 00:01:16]} {[%emt 00:00:47]} hxg6 {[%clk 00:11:41]} {[%emt
00:00:29]} 42. a5 {[%clk 00:30:16]} {[%emt 00:01:30]} Rg5 {[%clk 00:40:53]}
{[%emt 00:01:18]} 43. Rd7 {[%clk 00:29:51]} {[%emt 00:00:54]} Rb5 {[%clk
00:40:16]} {[%emt 00:01:07]} 44. Kc4 {[%clk 00:25:36]} {[%emt 00:04:46]} g5
{[%clk 00:38:00]} {[%emt 00:02:46]} 45. Rc7 {[%clk 00:11:41]} {[%emt 00:14:25]}
g4 {[%clk 00:37:16]} {[%emt 00:01:13]} 46. Rd7 {[%clk 00:10:06]} {[%emt
00:02:05]} g3 {[%clk 00:35:30]} {[%emt 00:02:17]} 47. Rd2 {[%clk 00:08:17]}
{[%emt 00:02:19]} Rg5 {[%clk 00:35:18]} {[%emt 00:00:42]} 48. Rg2 {[%clk
00:07:31]} {[%emt 00:01:15]} f5 {[%clk 00:34:43]} {[%emt 00:01:05]} 49. Kd3
{[%clk 00:04:20]} {[%emt 00:03:42]} Rg4 {[%clk 00:32:34]} {[%emt 00:02:40]} 50.
Ke3 {[%clk 00:02:43]} {[%emt 00:02:06]} f4+ {[%clk 00:32:11]} {[%emt 00:00:53]}
51. Kf3 {[%clk 00:02:48]} {[%emt 00:00:23]} Rh4 {[%clk 00:32:28]} {[%emt
00:00:14]} 52. Rd2 {[%clk 00:01:50]} {[%emt 00:01:27]} Rh2 {[%clk 00:29:22]}
{[%emt 00:03:36]} 53. Rd1 {[%clk 00:01:00]} {[%emt 00:01:20]} Rf2+ {[%clk
00:28:54]} {[%emt 00:00:57]} 54. Kg4 {[%clk 00:01:26]} {[%emt 00:00:05]} Kf6
{[%clk 00:28:23]} {[%emt 00:01:01]} 55. Re1 {[%clk 00:01:33]} {[%emt 00:00:22]}
g2 {[%clk 00:27:39]} {[%emt 00:01:15]} 56. Rg1 {[%clk 00:01:04]} {[%emt
00:00:59]} f3 {[%clk 00:27:09]} {[%emt 00:01:00]} 57. Kg3 {[%clk 00:00:55]}
{[%emt 00:00:39]} Rf1 {[%clk 00:27:01]} {[%emt 00:00:39]} 58. Rxg2 {[%clk
00:00:38]} {[%emt 00:00:47]} fxg2 {[%clk 00:27:15]} {[%emt 00:00:16]} 59. Kxg2
{[%clk 00:01:02]} {[%emt 00:00:05]} Rb1 {[%clk 00:27:29]} {[%emt 00:00:17]} 60.
Kf2 {[%clk 00:01:26]} {[%emt 00:00:06]} Rxb4 {[%clk 00:27:47]} {[%emt
00:00:11]} 61. Ke3 {[%clk 00:01:31]} {[%emt 00:00:26]} Ke5 {[%clk 00:27:56]}
{[%emt 00:00:20]} 62. Kd3 {[%clk 00:01:57]} {[%emt 00:00:04]} Rh4 {[%clk
00:28:12]} {[%emt 00:00:14]} 63. Kc3 {[%clk 00:01:55]} {[%emt 00:00:32]} Kd5
{[%clk 00:28:30]} {[%emt 00:00:12]} 64. Kb3 {[%clk 00:02:19]} {[%emt 00:00:06]}
Kc5 {[%clk 00:28:56]} {[%emt 00:00:04]} 65. Ka3 {[%clk 00:01:39]} {[%emt
00:01:11]} Kb5 {[%clk 00:29:20]} {[%emt 00:00:06]} 66. Ka2 {[%clk 00:02:02]}
{[%emt 00:00:06]} Rh3 {[%clk 00:29:44]} {[%emt 00:00:06]} 67. Kb2 {[%clk
00:02:19]} {[%emt 00:00:13]} Kc4 {[%clk 00:30:08]} {[%emt 00:00:07]} 68. Kc2
{[%clk 00:01:26]} {[%emt 00:01:22]} Rh2+ {[%clk 00:30:31]} {[%emt 00:00:07]}
69. Kd1 {[%clk 00:01:18]} {[%emt 00:00:37]} Kd3 {[%clk 00:30:45]} {[%emt
00:00:17]} 70. Ke1 {[%clk 00:01:41]} {[%emt 00:00:07]} Ra2 {[%clk 00:31:06]}
{[%emt 00:00:09]} 71. Kf1 {[%clk 00:01:22]} {[%emt 00:00:49]} Ke3 {[%clk
00:31:31]} {[%emt 00:00:05]} 72. Kg1 {[%clk 00:01:40]} {[%emt 00:00:12]} Kf3
{[%clk 00:31:52]} {[%emt 00:00:10]} 73. Kh1 {[%clk 00:01:50]} {[%emt 00:00:19]}
Kg3 {[%clk 00:32:14]} {[%emt 00:00:08]} 74. Kg1 {[%clk 00:01:59]} {[%emt
00:00:21]} Ra1# {[%emt 00:00:04]} 0-1